| 000 | 00806nam a2200217 4500 | ||
|---|---|---|---|
| 001 | 123487 | ||
| 003 | ES-MaACL | ||
| 005 | 20251011063129.0 | ||
| 007 | t| | ||
| 008 | 070214s1983 sp r ||||1| spa d | ||
| 020 | _a84-00-05529-2 | ||
| 100 | 1 |
_aQuilis, Antonio, _d1933-2003 _994630 |
|
| 245 | 1 | 3 |
_aLa concordancia gramatical de la lengua española hablada en Madrid / _cAntonio Quilis. |
| 260 |
_aMadrid : _bInstituto Miguel de Cervantes, _c1983. |
||
| 300 |
_a126 p. ; _c23 cm. |
||
| 490 | 1 |
_aLa norma lingüística culta de la lengua española hablada en Madrid ; _v3 |
|
| 710 | 2 |
_aInstituto "Miguel de Cervantes" _95133 |
|
| 830 | 0 |
_aLa norma lingüística culta de la lengua española hablada en Madrid ; _v3 _9184460 |
|
| 852 |
_aES-MaACL _jL-8954 _bR.110378 |
||
| 999 |
_c123487 _d123487 |
||